| 000 | 00704nam a22002297a 4500 | ||
|---|---|---|---|
| 005 | 20170124105934.0 | ||
| 010 | _a708338 | ||
| 020 | _c00.00 | ||
| 035 | _a708338 | ||
| 037 | _bCen Lib/Ret | ||
| 040 |
_aDPL _bEN |
||
| 082 |
_a230.23 _bGUE |
||
| 100 |
_aGuenther, Herbert V. _99274 |
||
| 245 |
_aThe tantric view of life / _cby Herbert V. Guenther |
||
| 260 |
_aBerkeley _bShambala The Clear Light Series _c1972 |
||
| 270 |
_a1409 Fifth Street Berkely, _bCelifornia _e94710 |
||
| 300 |
_ax,168p. _c22cm(Hb) |
||
| 500 | _aIncludes bibliographical references and index. | ||
| 650 |
_aTantric Buddhism. _99275 |
||
| 650 |
_a Tantrismus _99276 |
||
| 942 |
_2ddc _cEN _h230.23 _mGUE |
||
| 999 |
_c124100 _d124100 |
||